| 000 | 00519nam a2200109Ia 4500 | ||
|---|---|---|---|
| 008 | 200902s9999 xx 000 0 und d | ||
| 020 | _a978-1-68094-791-5 | ||
| 245 |
_cAleksandar Mratinkovic , Dan Piestun , Felecia Killings , Sandra El Hajj , Hazem Shawky Fouda , Fozia Parveen , Igor Krunic , Jovan Pehcevski , Tanjina Nur , Stephen , MIchelle.-- _aFocus on Asia : _bGeography and environment / |
||
| 260 |
_aNew York : _b3G E-Learning _c2019 |
||
| 300 |
_a167 pages : _bcolor illustrations ; _c26 cm. |
||
| 650 | _aGeography | ||
| 999 |
_c363949 _d363949 |
||